Language Quiz

Random Language Quiz

Illustrated Dictionary Words Quiz Stats

Quiz Updated Jan 20, 2015

Challenge
Share
Tweet
Score 0/24 Timer 05:00
4 Plays Today
% Correct
Eye
99.1%
Airplane
96.5%
Castle
94.3%
Egg
92.6%
Heart
92%
Poker
91.2%
Horse
89%
Fish
87.1%
Armor
86.2%
Sword
82.6%
Skeleton
80%
Wheel
77.7%
% Correct
Hair
71.5%
Violin
66.1%
Cow
62.9%
Ear
60.4%
Insect
52.3%
Lightbulb
51.9%
Dog
39.4%
Eclipse
38.9%
Neuron
33.5%
Feather
25.8%
Trowel
22.4%
Roof
20.6%

You're not logged in!

Compare scores with friends on all Sporcle quizzes.
Join for Free
OR
Log In

You Might Also Like...

Show Comments

Extras

Top Quizzes Today


Score Distribution

Your Account Isn't Verified!

In order to create a playlist on Sporcle, you need to verify the email address you used during registration. Go to your Sporcle Settings to finish the process.

Report this User

Report this user for behavior that violates our Community Guidelines.

Details: